000 00335nam a22001457a 4500
020 _a4-7700-2691-9
082 _a823
_bAES/T
100 _aDETMOLD, EDWARD
245 _aTHE FABLES OF AESOP
260 _aTOKYO
_bKODANSHA INTERNATIONAL
_c2000
300 _a121
520 _aAESOP STORY
650 _aAESOP STORY
_zNEW YORK
942 _cBK
999 _c3079
_d3079